LEADER 00936nam0 2200265 450 001 000019052 005 20081110100345.0 100 $a20081110d1965----km-y0itay50------ba 101 0 $aita 102 $aIT 105 $ay-------001yy 200 1 $a<>finanza degli enti locali e la sua riforma$fGiuseppe Frisella Vella 210 $aMilano$cGiuffrè$d1965 215 $a35 p.$d26 cm 225 2 $aPubblicazioni della Facoltà di giurisprudenza$fUniversità di Catania 410 0$12001$aPubblicazioni della Facoltà di giurisprudenza 500 10$a<>finanza degli enti locali e la sua riforma$932743 610 1 $aFinanza locale$aRiforma 676 $a352$v16$9Amministrazione locale 700 1$aFrisella Vella,$bGiuseppe$074127 801 0$aIT$bUNIPARTHENOPE$c20081110$gRICA$2UNIMARC 912 $a000019052 951 $a324/1$b2821$cNAVA2 996 $aFinanza degli enti locali e la sua riforma$932743 997 $aUNIPARTHENOPE LEADER 01537oam 2200409 a 450 001 9910697259203321 005 20230902161549.0 035 $a(CKB)5470000002386329 035 $a(OCoLC)646274972 035 $a(EXLCZ)995470000002386329 100 $a20100708d1999 ua 0 101 0 $aeng 135 $aurbn||||||||| 181 $ctxt$2rdacontent 182 $cc$2rdamedia 183 $acr$2rdacarrier 200 10$aAviation$b[electronic resource] $ecooperation : agreement between the United States of America and Ireland signed at Dublin, June 11, 1999 210 1$a[Washington, D.C.] :$cU.S. Dept. of State,$d[1999?] 215 $a1 online resource (11 unnumbered pages) 225 1 $aTreaties and other international acts series ;$v13042 300 $aTitle from title screen (viewed on July 8, 2010). 410 0$aTreaties and other international acts series ;$v13042. 517 $aAviation 606 $aAeronautics, Commercial$xLaw and legislation$zUnited States 606 $aAeronautics, Commercial$xLaw and legislation$zIreland 606 $aAeronautics$xSafety measures$xInternational cooperation 615 0$aAeronautics, Commercial$xLaw and legislation 615 0$aAeronautics, Commercial$xLaw and legislation 615 0$aAeronautics$xSafety measures$xInternational cooperation. 712 02$aUnited States.$bDepartment of State. 801 0$bGPO 801 1$bGPO 801 2$bGPO 906 $aBOOK 912 $a9910697259203321 996 $aAviation$9799860 997 $aUNINA